Real Audiencia de Galicia [Recurs electrònic] : catálogo de preitos e expedientes de particulares : (letra A) / Arquivo do Reino de Galicia catálogo de preitos e expedientes de particulares :
MARC
| LEADER | 00000nam a2200000Ia 4500 | ||
|---|---|---|---|
| 001 | 19467 | ||
| 003 | BGR | ||
| 005 | 20260324175329.0 | ||
| 008 | 160829s2007 xx 000 0 cat d | ||
| 020 | |a 978-84-453-4467-5 | ||
| 080 | |a CD-1-83 | ||
| 110 | 1 | |9 70405 |a Arquivo do Reino de Galicia | |
| 245 | |a Real Audiencia de Galicia [Recurs electrònic] : |b catálogo de preitos e expedientes de particulares : |b (letra A) / Arquivo do Reino de Galicia | ||
| 260 | |a Galícia : |b Xunta de Galicia. Dirección Xeral de Patrimonio Cultural, |c 2007 | ||
| 300 | |a 1 disc òptic (CD-ROM) : |b col. ; |c 12 cm | ||
| 590 | |a Text en castellà i galleg | ||
| 590 | |a Requeriments del sistema : Windows 95, W98, WNT3.51 o superior; PC Pentium MMX 133 o superior; 64 Mb de RAM (recomemant 128 Mb); espai lliure en disc local superior a 50 Mb; Monitor SVGA, resolució 800x600, 64.0000 colors; lector de CD-ROM local o en xarxa | ||
| 650 | |a Arxiu del Regne de Galícia |x Catàlegs |9 27423 | ||
| 650 | |a Real Audiència de Galícia |x Catàlegs |9 27799 | ||
| 650 | |a Galícia |x Història |x Fonts |x Bibliografies |9 30665 | ||
| 710 | 1 | |a Galícia. |b Dirección Xeral do Patrimonio Cultural |9 55413 | |
| 901 | |a Arxiu | ||
| 942 | |n 1 |2 udc |c MON | ||
| 952 | |0 0 |1 0 |4 0 |6 CD183 |7 1 |9 44382 |a Arxiu |b Arxiu |d 2016-12-01 |l 0 |o CD-1-83 |p 19467 |r 2016-12-01 00:00:00 |w 2016-12-01 |y ARXIU | ||
| 999 | |c 46963 |d 46963 | ||